LDR 00760naa#a2200229#i#450# 001 EN\\bibl\126178 005 20260630021035.2 011 ## _a2077-7566 100 ## _a20260629b2026####ek#y0engy0150####ca 101 0# _aRUS 102 ## _aRU 200 1# _aASPECTS OF PLANNING ORTHOPEDIC TREATMENT IN PATIENTS WITH MUCOPERIODONTAL LESIONS _eJournal article 210 1# _aEkaterinburg _cTIRAZH Publishing House _d2026 215 ## _a6 с. 608 ## _aJournal article _2local 675 ## _aСтоматология. Заболевания ротовой полости и зубов. 616.31 _zRUS 700 #1 _aButorova _gAnna V. 700 #1 _aIvanov _gIvan V. 700 #1 _aTimchenko _gAndrey S. 700 #1 _aKuznetsova _gVera I. 700 #1 _aAzzam _gali N. 856 4# _adental-press.ru _u